Pays du monde sur une carte sans frontières - Statistiques

Statistiques générales
  • Ce quiz a été pris 11 387 fois
    10 422 depuis la dernière actualisation
  • Le résultat moyen est 147 sur 196
Réponses sur la Carte
Les réponses sont colorées sur une échelle allant du rouge au vert en fonction du pourcentage des utilisateurs qui les ont devinées à leur premier essai. Vous pouvez retrouver ces pourcentages ci-dessous.
 
Statistiques - réponses
Pays % Correct
France
96%
Canada
95%
États-Unis
95%
Espagne
93%
Italie
93%
Mexique
93%
Russie
93%
Allemagne
92%
Brésil
92%
Portugal
92%
Royaume-Uni
92%
Argentine
91%
Belgique
91%
Chine
91%
Algérie
90%
Australie
90%
Inde
90%
Irlande
90%
Japon
90%
Maroc
90%
Suisse
90%
Afrique du Sud
89%
Danemark
89%
Norvège
89%
Suède
89%
Chili
88%
Égypte
88%
Finlande
88%
Grèce
88%
Islande
88%
Pays-Bas
88%
Pologne
88%
Turquie
88%
Ukraine
88%
Corée du Nord
87%
Corée du Sud
87%
Madagascar
87%
Tunisie
87%
Autriche
86%
Iran
86%
République Démocratique du Congo
86%
Colombie
85%
Estonie
85%
Lituanie
85%
Nouvelle-Zélande
85%
République du Congo
85%
Arabie Saoudite
84%
Biélorussie
84%
Croatie
84%
Cuba
84%
Lettonie
84%
Mongolie
84%
Pérou
84%
Roumanie
84%
Albanie
83%
Hongrie
83%
Irak
83%
Luxembourg
83%
Uruguay
83%
Indonésie
82%
Israël
82%
Slovaquie
82%
Thaïlande
82%
Venezuela
82%
Bolivie
81%
Pakistan
81%
Paraguay
81%
République Tchèque
81%
Viêt Nam
81%
Équateur
80%
Kazakhstan
80%
Libye
80%
Mali
80%
Niger
80%
Sénégal
80%
Slovénie
80%
Afghanistan
79%
Andorre
79%
Bulgarie
79%
Chypre
78%
Panama
78%
Serbie
78%
Soudan
78%
Émirats Arabes Unis
77%
Nigeria
77%
Qatar
77%
Bosnie-Herzégovine
76%
Macédoine du Nord
76%
Malte
76%
Monaco
76%
Vatican
76%
Yémen
76%
Guinée
75%
Kosovo
75%
Laos
75%
Liban
75%
Moldavie
75%
Monténégro
75%
Népal
75%
Ouzbékistan
75%
Philippines
75%
Somalie
75%
Côte d'Ivoire
74%
Éthiopie
74%
Jordanie
74%
Oman
74%
Arménie
73%
Cambodge
73%
Costa Rica
73%
Guyana
73%
Haïti
73%
Mauritanie
73%
Sri Lanka
73%
Syrie
73%
Cameroun
72%
Géorgie
72%
Jamaïque
72%
Kenya
72%
Malaisie
72%
Suriname
72%
Turkménistan
72%
Zimbabwe
72%
Angola
71%
Liechtenstein
71%
Saint-Marin
71%
Soudan du Sud
71%
Togo
71%
Bangladesh
70%
Cap-Vert
70%
Guatemala
70%
Honduras
70%
Papouasie-Nouvelle-Guinée
70%
République Dominicaine
70%
Taïwan
70%
Tchad
70%
Birmanie
69%
Tanzanie
69%
Zambie
69%
Azerbaidjan
68%
Érythrée
68%
Nicaragua
68%
Bénin
67%
Bhoutan
67%
Lesotho
67%
Namibie
67%
Guinée Équatoriale
66%
Ghana
66%
Kirghizistan
66%
Koweït
66%
Mozambique
66%
Rwanda
66%
Salvador
66%
Belize
65%
Burkina Faso
65%
Gabon
65%
Guinée-Bissau
65%
République Centrafricaine
65%
Tadjikistan
65%
Botswana
64%
Comores
64%
Djibouti
64%
Fidji
64%
Liberia
63%
Maurice
63%
Ouganda
63%
Seychelles
63%
Singapour
63%
Bahamas
62%
Bahreïn
61%
Eswatini
61%
Gambie
61%
Maldives
61%
Sierra Leone
60%
Burundi
59%
Malawi
59%
États Fédérés de Micronésie
58%
Sainte-Lucie
58%
Barbade
57%
Dominique
57%
Antigua-et-Barbuda
56%
Îles Marshall
56%
Saint-Vincent-et-les-Grenadines
56%
São Tomé-et-Príncipe
56%
Tuvalu
56%
Tonga
55%
Trinité-et-Tobago
55%
Vanuatu
55%
Brunei
54%
Samoa
54%
Timor Oriental
54%
Grenade
53%
Îles Salomon
53%
Kiribati
53%
Palaos
53%
Saint-Christophe-et-Niévès
53%
Nauru
52%
Aucun quiz correspondant
Distribution des résultats
% des personnes avec chaque résultat
Percentile par nombre de réponses
Votre historique - résultats
Vous n’avez pas pris ce quiz depuis la dernière actualisation